00774nam a2200205 a 450000100100000000500170001000800410002704000250006808200150009324501180010826000340022630000210026049000230028149000280030450000320033270000570036471000960042183000230051783000280054000000927120240704114906.0090929s1998 dr 000 0 spa d aDO-SdBNPbspacBNPHU axxxbP965r00aPropuesta de reforma a los códigos civil y de procedimiento civil /cpresentación Aura Celeste Fernández R. aSanto Domingo :bCAMJ,c1998. a185 p. ;c22 cm.1 aFórum Permanente1 aCuadernos de la reforma aIncluye índice temático1 aFernández Rodríguez, Aura Celeste,d1959-epres.1 aRepública Dominicana.bComisionado de Apoyo a la Reforma y Modernización de la Justicia 0aFórum Permanente 0aCuadernos de la reforma